Missing Word: 'A' Science Quiz Stats

Quiz Updated Jul 30, 2016

Challenge
Share
Tweet
Embed
Score 0/22 Timer 03:00
133 Plays Today
Hint Missing 'A' Word % Correct
______ EinsteinAlbert
97.7%
Amino ____Acid
96.2%
________ ZeroAbsolute
85.4%
Splitting the ____Atom
81.8%
Force = Mass x ____________Acceleration
79.6%
Random ______ MemoryAccess
78.4%
________ and posteriorAnterior
77.2%
x- or y-____Axis
71.9%
Pulmonary ______Artery
65.3%
Wheel and ____Axle
64.3%
____ TuringAlan
64.1%
Hint Missing 'A' Word % Correct
___________ CurrentAlternating
57.7%
_______ ReproductionAsexual
57.4%
_________ FlemingAlexander
53%
________ beltAsteroid
51.9%
________ Earth MetalsAlkaline
46.7%
Dominant and recessive _______ Alleles
44.6%
_____ of ReflectionAngle
34.9%
Lanthanides and _________Actinides
33%
__________ MeanArithmetic
14.8%
_______ Circuital LawAmpère's
14%
Amedeo ________Avogadro
11.2%

Today's Daily Dose

Missing Word
'F' Science

Word Ladder
Guitar Heroes

Quick Pick
Zambian Borders

On This Day
April 22nd II

You're not logged in!

Compare scores with friends on all Sporcle quizzes.
Sign Up with Email
OR
Log In

You Might Also Like...

Show Comments

Extras

Top Quizzes Today


Score Distribution

Your Account Isn't Verified!

In order to create a playlist on Sporcle, you need to verify the email address you used during registration. Go to your Sporcle Settings to finish the process.

Report this User

Report this user for behavior that violates our Community Guidelines.

Details: